Culture Générale - Série 243 - Statistiques

Statistiques générales
  • Ce quiz a été pris 348 fois
  • Le résultat moyen est 6 sur 10
Statistiques - réponses
Question Réponse % Correct
Quel océan est le plus grand du monde ? L'océan Pacifique
99%
Pendant combien d'années Ronald Reagan a-t-il été président des Etats Unis ? 8 ans
93%
Parmi les Sept Merveilles du monde antique, laquelle était située à Alexandrie ? Le phare
92%
Dans "Blanche-Neige et les sept nains" quel nain porte des lunettes ? Prof
78%
Quelle déesse grecque est assimilée à Vénus chez les Romains ? Aphrodite
77%
Qui fut le César de Claude Sautet dans le film "César et Rosalie" ? Yves Montand
39%
Qui est l'auteur des "Contes de ma mère l'Oye" publiés en 1697 ? Charles Perrault
32%
Quel ancien champion du monde de ski a remporté le rallye Dakar 2006 ? Luc Alphand
31%
Quel animal était prénommé Sahara dans le "Club Dorothée" ? Un dromadaire
27%
A la télévision, de quel personnage pour enfants Belette était-elle l'ennemie jurée ? Saturnin
8%
Aucun quiz correspondant
Distribution des résultats
% des personnes avec chaque résultat
Percentile par nombre de réponses
Votre historique - résultats
Vous n’avez pas pris ce quiz